PR-SOF-1402-SIMULATION OF CRICKET IN UNITY3D (Record no. 577755)

000 -LEADER
fixed length control field 00323nam a22001217a 4500
082 ## - DEWEY DECIMAL CLASSIFICATION NUMBER
Classification number PRO 220
100 ## - MAIN ENTRY--PERSONAL NAME
Personal name IRFAN ABBASI
9 (RLIN) 70997
245 ## - TITLE STATEMENT
Title PR-SOF-1402-SIMULATION OF CRICKET IN UNITY3D
260 ## - PUBLICATION, DISTRIBUTION, ETC.
Place of publication, distribution, etc. ISLAMABAD
Name of publisher, distributor, etc. NUST COLLEGE OF EME
Date of publication, distribution, etc. 2014
650 ## - SUBJECT ADDED ENTRY--TOPICAL TERM
Topical term or geographic name entry element DE-COMP-32
9 (RLIN) 70998
700 ## - ADDED ENTRY--PERSONAL NAME
Personal name DR SHOAB A KHAN
9 (RLIN) 18474
942 ## - ADDED ENTRY ELEMENTS (KOHA)
Koha item type Continuing Resources
Holdings
Withdrawn status Lost status Damaged status Not for loan Permanent Location Current Location Shelving location Date acquired Total Checkouts Full call number Barcode Date last seen Price effective from Koha item type
        College of Electrical & Mechanical Engineering (CEME) College of Electrical & Mechanical Engineering (CEME) Reference 12/03/2019   PRO 220 PR-SOF-1402 06/28/2021 06/28/2021 Continuing Resources
© 2023 Central Library, National University of Sciences and Technology. All Rights Reserved.